000 00555nam a2200193 i 4500
001 123770
003 ES-MaACL
005 20250804041855.0
007 t|
008 070214s1971 sp r ||||1| spa d
100 0 _aQuiñones, Fernando,
_d1930-1998
_994750
245 1 3 _aEl flamenco
_b: vida y muerte /
_cFernando Quiñones.
250 _a1ª. ed.
260 _aBarcelona :
_bPlaza & Janés,
_c1971.
300 _a272 p. ;
_c20 cm.
650 7 _aFlamenco
_2embne
_912894
852 _aES-MaACL
_jC-45812
_bR.77321
999 _c123770
_d123770